000 00694nam a2200181Ia 4500
008 100920s9999 xx 000 0 und d
082 _b53655
_a37 थ 64
100 _aगोखले श्री. पु .
245 _aफिटींगकला आणि यंत्रकला.
260 _bआशिष एजन्सीज ,पुणे.
_c1964
300 _a200
_bसाधी
365 _b25
520 _aुउदयोजक विभाग.
630 _aफिटींगकला आणि यंत्रकला.
650 _aुउदयोजक विभाग.
730 _aफिटींगकला आणि यंत्रकला.
942 _cBOOK
999 _c698653
_d698650